Licitações e contratações públicas sustentáveis / (Record no. 878)

MARC details
000 -LÍDER
Campo Fixo de Controle 01092nam a2200289 a 4500
001 - NÚMERO DE CONTROLE
Campo de Controle 878
003 - IDENTIFICAÇÃO DO NÚMERO DE CONTROLE
Campo de Controle BR-CuiBMT
005 - DATA E HORA DA ÚLTIMA ATUALIZAÇÃO
Campo de Controle 20231122033621.0
008 - DADOS FIXOS
Dados Fixos 231108s2015 mgba 000 0 por d
020 ## - INTERNATIONAL STANDARD BOOK NUMBER
Nº do ISBN 9788545000501
040 ## - AGÊNCIA CATALOGADORA
Código da Agência Catalogadora BR-CuiBMT
Agência que transcreveu o registro BR-CuiBMT
080 ## - Nº DA CLASSIFICAÇÃO DECIMAL UNIVERSAL
Nº edição CDU 2007
Nº Class. CDU 351.712:502.131.1
090 ## - NÚMERO DE CHAMADA
Nº classificação 351.712:502.131.1
Cutter L711
Ano/Edição 2. ed.
245 00 - TÍTULO PRINCIPAL
Título principal Licitações e contratações públicas sustentáveis /
Indicação de responsabilidade Murillo Giordan Santos, Teresa Villac, coordenadores ; prefácio José Renato Nalini ; apresentação Fábio Victor da Fonte Monnerat ; [autores Eduardo Fortunato Bim ... et al.].
250 ## - EDIÇÃO
Edição 2. ed., rev., ampl. e atual.
260 ## - PUBLICAÇÃO, DISTRIBUIÇÃO, ETC.
Local de publicação Belo Horizonte :
Editora Fórum,
Data 2015.
300 ## - DESCRIÇÃO FÍSICA
N. páginas ou volumes 335 p. :
Ilustrações il. ;
Dimensões 22 cm
500 ## - NOTAS GERAIS
Notas gerais Vários autores.
504 ## - NOTA DE BIBLIOGRAFIA, ETC.
Nota de bibliografia Inclui bibliografia.
650 ## - ASSUNTO TÓPICO
Cabeçalho tópico ou nome geográfico Licitação sustentável
Subdivisão geográfica Brasil
650 ## - ASSUNTO TÓPICO
Cabeçalho tópico ou nome geográfico Contratações sustentáveis
Subdivisão geográfica Brasil
650 ## - ASSUNTO TÓPICO
Cabeçalho tópico ou nome geográfico Ética ambiental
Subdivisão geográfica Brasil
700 1# - ENTRADA SECUNDÁRIA -- NOME PESSOAL
Nome pessoal Santos, Murillo Giordan
Cód. do termo explicativo coord.
700 1# - ENTRADA SECUNDÁRIA -- NOME PESSOAL
Nome pessoal Villac, Teresa
Cód. do termo explicativo coord.
700 1# - ENTRADA SECUNDÁRIA -- NOME PESSOAL
Nome pessoal Bim, Eduardo Fortunato
Termo de relação et al.
-- autores
942 ## - ELEMENTOS DE ENTRADA ADICIONAIS (KOHA)
Fonte de classificação ou esquema de arquivamento Classificação Decimal Universal
Tipo de item do Koha Livros
Holdings
Estado: removido Estado: perdido Fonte de classificação ou esquema de arquivamento Estado: danificado Indisponível para empréstimo Localização permanente Localização atual Data de aquisição Total Checkouts Número de Chamada completo Código de barras Date last seen Número do exemplar Preço efetivo a partir de Tipo de item (Koha)
    Classificação Decimal Universal     Biblioteca da Escola Superior de Contas do TCE/MT Biblioteca da Escola Superior de Contas do TCE/MT 22/11/2023   351.712:502.131.1 L711 2. ed. BIBTCEMT23110823 22/11/2023 Ex. 1 22/11/2023 Livros
    Classificação Decimal Universal     Biblioteca da Escola Superior de Contas do TCE/MT Biblioteca da Escola Superior de Contas do TCE/MT 23/11/2023   351.712:502.131.1 L711 2. ed BIBTCEMT23110932 23/11/2023 Ex. 2 23/11/2023 Livros

Powered by Koha